• Kaempfert Bert

di Personal Name

Records bibliografici associati: 1

001 - CONTROL NUMBER

  • control field: 12060

003 - CONTROL NUMBER IDENTIFIER

  • control field: IT-RoPau

005 - DATE AND TIME OF LATEST TRANSACTION

  • control field: 20140202203328.0

008 - FIXED-LENGTH DATA ELEMENTS

  • fixed length control field: 140202|| aca||aabn | a|a d

040 ## - CATALOGING SOURCE

  • Original cataloging agency: IT-RoPau
  • Transcribing agency: IT-RoPau

100 ## - HEADING--PERSONAL NAME

  • Personal name: Kaempfert Bert
  • Miscellaneous information: Codice autore SPICS: 8041
  • Relator term: Autore
  • Name of part/section of a work: Strangers in the Night

670 ## - SOURCE DATA FOUND

  • Source citation: Work cat.: (IT-RoPau)102681: AA.VV. 794, Mantovani e la sua orchestra
CREDITS: SOCIETA' SAN PAOLO Via A.Severo, 58 - ROMA (RM) & PERIODICI SAN PAOLO SRL Via Giotto, 36 MILANO & CISF Via Giotto, 36 MILANO & EDIZIONI SAN PAOLO SRL,  Piazza Soncino, 5 CINISELLO BALSAMO (MI) -- ITALY